Massachusetts Cities (1790-2010) Quiz Stats

Quiz Updated Nov 1, 2017

Challenge
Share
Tweet
Embed
Score 0/226 Timer 11:00
1 Play Today
Census City % Correct
1790Boston
99.8%
1800Boston
99.7%
1810Boston
99.7%
1820Boston
99.7%
1830Boston
99.7%
1840Boston
99.7%
1850Boston
99.7%
1860Boston
99.7%
1870Boston
99.7%
1880Boston
99.7%
1890Boston
99.7%
1900Boston
99.7%
1910Boston
99.7%
1920Boston
99.7%
1930Boston
99.7%
1940Boston
99.7%
1950Boston
99.7%
1960Boston
99.7%
1970Boston
99.7%
1980Boston
99.7%
1990Boston
99.7%
2000Boston
99.7%
2010Boston
99.7%
1830Springfield
68.8%
1840Springfield
68.8%
1850Springfield
68.8%
1870Springfield
68.8%
1880Springfield
68.8%
1890Springfield
68.8%
1900Springfield
68.8%
1910Springfield
68.8%
1920Springfield
68.8%
1930Springfield
68.8%
1940Springfield
68.8%
1950Springfield
68.8%
1960Springfield
68.8%
1970Springfield
68.8%
1980Springfield
68.8%
1990Springfield
68.8%
2000Springfield
68.8%
2010Springfield
68.8%
1850Worcester
68.1%
1860Worcester
68.1%
1870Worcester
68.1%
1880Worcester
68.1%
1890Worcester
68.1%
1900Worcester
68.1%
1910Worcester
68.1%
1920Worcester
68.1%
1930Worcester
68.1%
1940Worcester
68.1%
1950Worcester
68.1%
1960Worcester
68.1%
1970Worcester
68.1%
1980Worcester
68.1%
1990Worcester
68.1%
2000Worcester
68.1%
2010Worcester
68.1%
1840Cambridge
65.7%
1850Cambridge
65.7%
1860Cambridge
65.7%
1870Cambridge
65.7%
1880Cambridge
65.7%
1890Cambridge
65.7%
1900Cambridge
65.7%
1910Cambridge
65.7%
1920Cambridge
65.7%
1930Cambridge
65.7%
1940Cambridge
65.7%
1950Cambridge
65.7%
1980Cambridge
65.7%
1990Cambridge
65.7%
2000Cambridge
65.7%
2010Cambridge
65.7%
1970Cambridge
65.7%
1960Cambridge
65.7%
Census City % Correct
1830Lowell
57.4%
1840Lowell
57.4%
1850Lowell
57.4%
1860Lowell
57.4%
1870Lowell
57.4%
1880Lowell
57.4%
1890Lowell
57.4%
1900Lowell
57.4%
1910Lowell
57.4%
1920Lowell
57.4%
1930Lowell
57.4%
1940Lowell
57.4%
1980Lowell
57.4%
1990Lowell
57.4%
2000Lowell
57.4%
2010Lowell
57.4%
1970Lowell
57.4%
1960Lowell
57.4%
1950Lowell
57.4%
1790Salem
54.8%
1800Salem
54.8%
1810Salem
54.8%
1820Salem
54.8%
1830Salem
54.8%
1840Salem
54.8%
1850Salem
54.8%
1860Salem
54.8%
1870Salem
54.8%
1880Salem
54.8%
1980Quincy
47.3%
1990Quincy
47.3%
2000Quincy
47.3%
2010Quincy
47.3%
1950Quincy
47.3%
1800New Bedford
43%
1810New Bedford
43%
1830New Bedford
43%
1840New Bedford
43%
1850New Bedford
43%
1860New Bedford
43%
1880New Bedford
43%
1890New Bedford
43%
1900New Bedford
43%
1910New Bedford
43%
1920New Bedford
43%
1930New Bedford
43%
1940New Bedford
43%
1950New Bedford
43%
1980New Bedford
43%
1990New Bedford
43%
2000New Bedford
43%
2010New Bedford
43%
1970New Bedford
43%
1960New Bedford
43%
1870Fall River
42.7%
1880Fall River
42.7%
1890Fall River
42.7%
1900Fall River
42.7%
1910Fall River
42.7%
1920Fall River
42.7%
1930Fall River
42.7%
1940Fall River
42.7%
1950Fall River
42.7%
1980Fall River
42.7%
1990Fall River
42.7%
2000Fall River
42.7%
2010Fall River
42.7%
1970Fall River
42.7%
1960Fall River
42.7%
1820Lynn
41.1%
1830Lynn
41.1%
1840Lynn
41.1%
1850Lynn
41.1%
1860Lynn
41.1%
1870Lynn
41.1%
1880Lynn
41.1%
Census City % Correct
1890Lynn
41.1%
1900Lynn
41.1%
1910Lynn
41.1%
1920Lynn
41.1%
1930Lynn
41.1%
1940Lynn
41.1%
2000Lynn
41.1%
2010Lynn
41.1%
1970Lynn
41.1%
1960Lynn
41.1%
1950Lynn
41.1%
1980Newton
39%
1990Newton
39%
1970Newton
39%
1960Newton
39%
1980Brockton
34.4%
1990Brockton
34.4%
2000Brockton
34.4%
2010Brockton
34.4%
1970Brockton
34.4%
1790Gloucester
34.2%
1800Gloucester
34.2%
1810Gloucester
34.2%
1820Gloucester
34.2%
1830Gloucester
34.2%
1860Lawrence
33.1%
1870Lawrence
33.1%
1880Lawrence
33.1%
1890Lawrence
33.1%
1900Lawrence
33.1%
1910Lawrence
33.1%
1920Lawrence
33.1%
1940Lawrence
33.1%
1930Lawrence
33.1%
1890Somerville
32.4%
1900Somerville
32.4%
1910Somerville
32.4%
1920Somerville
32.4%
1930Somerville
32.4%
1940Somerville
32.4%
1960Somerville
32.4%
1950Somerville
32.4%
1820Taunton
21.2%
1810Charlestown
20.9%
1820Charlestown
20.9%
1830Charlestown
20.9%
1840Charlestown
20.9%
1850Charlestown
20.9%
1860Charlestown
20.9%
1870Charlestown
20.9%
1790Sherburne
20.5%
1800Nantucket
20.1%
1810Nantucket
20.1%
1820Nantucket
20.1%
1830Nantucket
20.1%
1840Nantucket
20.1%
1840Roxbury
18.2%
1850Roxbury
18.2%
1860Roxbury
18.2%
1790Marblehead
18.2%
1800Marblehead
18.2%
1810Marblehead
18.2%
1820Marblehead
18.2%
1790Newburyport
18%
1800Newburyport
18%
1810Newburyport
18%
1820Newburyport
18%
1830Newburyport
18%
1810Beverly
15.4%
1810Portland
14%
1800Portland
14%
1790Middleborough
9%
1800Middleborough
9%
1820Middleborough
9%

You're not logged in!

Compare scores with friends on all Sporcle quizzes.
Sign Up with Email
OR
Log In

You Might Also Like...

Show Comments

Extras

Top Quizzes Today


Score Distribution

Your Account Isn't Verified!

In order to create a playlist on Sporcle, you need to verify the email address you used during registration. Go to your Sporcle Settings to finish the process.